000 00460 a2200169 4500
001 68253
020 _a9786557982990
040 _cAnchieta - Pituba
100 _aFerreira, Aurélio Buarque de Holanda
240 1 0 _aMíni Aurélio
_lpor
245 1 0 _aMíni Aurélio
300 _a856
362 0 _a2020
440 1 _aCia. Bras. de Educação e Sistemas de Ensino
650 4 _aObras enciclopédicas gerais de línguas espanhola e portuguesa
942 _cBK
999 _c68253
_d68253